Reengineering: podmínky úspěchů a aplikací
Rast záujmu o podnikový reengineering. Čo vyvoláva záujem českých podnikov o reengineering. Znalostné zázemie a informačné zdroje o reengineeringu. Podceňovanie rizikovosti väčších reengineeringových akcií. Nedostatky a chyby reengineeringových zámerov: súlad s podnikateľskou stratégiou, systémovo i...
Enregistré dans:
| Auteur principal: | |
|---|---|
| Format: | Chapitre de livre |
| Langue: | tchèque |
| Sujets: | |
| Tags: |
Pas de tags, Soyez le premier à ajouter un tag!
|
MARC
| LEADER | 00000naa a2200000 4500 | ||
|---|---|---|---|
| 001 | r022862 | ||
| 005 | 20230502114043.2 | ||
| 041 | 0 | |a cze | |
| 044 | |a CZ | ||
| 245 | 1 | 0 | |a Reengineering: podmínky úspěchů a aplikací |c Leo Vodáček |
| 520 | |a Rast záujmu o podnikový reengineering. Čo vyvoláva záujem českých podnikov o reengineering. Znalostné zázemie a informačné zdroje o reengineeringu. Podceňovanie rizikovosti väčších reengineeringových akcií. Nedostatky a chyby reengineeringových zámerov: súlad s podnikateľskou stratégiou, systémovo integrované procesy, inovácia procesov, vyvážená inovačná štruktúra, integrácia poznatkov moderného manažmentu, zvýšenie hospodárnosti, podnikové procesy nie sú autonómne, reengineering nekončí realizáciou projektu. | ||
| 610 | 2 | 0 | |a reorganizácia |
| 610 | 2 | 0 | |a reengineering |
| 610 | 2 | 0 | |a podnik |
| 610 | 2 | 0 | |a stratégia podniková |
| 610 | 2 | 0 | |a integrácia |
| 610 | 2 | 0 | |a inovácia |
| 610 | 2 | 0 | |a manažment informačný |
| 610 | 2 | 0 | |a hospodárnosť |
| 610 | 2 | 0 | |a štruktúra podniku organizačná |
| 100 | 1 | |a Vodáček, Leo | |